| 000 | 00000nam 2200000zi 4500 |
| 001 | 9.928732 |
| 003 | CaOODSP |
| 005 | 20240212100651 |
| 006 | m o d f |
| 007 | cr mn||||||||| |
| 008 | 231013e202002##nkc o f000 0 eng d |
| 040 | |aCaOODSP|beng|erda|cCaOODSP |
| 043 | |an-cnm-- |
| 086 | 1 |aAC5-55/2020-1E-PDF |
| 245 | 00|aResults at a glance : |bevaluation of the Atlantic Canada Opportunities Agency's Innovation programming. |
| 246 | 10|aEvaluation of the Atlantic Canada Opportunities Agency's Innovation programming |
| 264 | 1|a[Moncton, N.B.] : |bAtlantic Canada Opportunities Agency, Evaluation and Advisory Services, |cFebruary 2020. |
| 300 | |a1 online resource (1 unnumbered page) |
| 336 | |atext|btxt|2rdacontent |
| 337 | |acomputer|bc|2rdamedia |
| 338 | |aonline resource|bcr|2rdacarrier |
| 500 | |aCaption title. |
| 500 | |aIssued also in French under title: Aperçu des résultats : évaluation du programme d'innovation de l'Agence de promotion économique du Canada atlantique. |
| 520 | |a"The Atlantic Canada Opportunities Agency's (ACOA) Innovation programming provides funding as well as advice and pathfinding assistance to small and medium-sized enterprises (SMEs) and other clients to facilitate research and development, commercialization, and the development and demonstration of new or improved technologies, products, processes or services"--Page [1]. |
| 610 | 20|aAtlantic Canada Opportunities Agency|xEvaluation. |
| 650 | 0|aFederal aid to small business|zAtlantic Provinces|xEvaluation. |
| 650 | 0|aTechnological innovations|zAtlantic Provinces|xEvaluation. |
| 710 | 2 |aAtlantic Canada Opportunities Agency, |eissuing body. |
| 775 | 08|tAperçu des résultats : |w(CaOODSP)9.933757 |
| 856 | 40|qPDF|s676 KB|uhttps://publications.gc.ca/collections/collection_2024/apeca-acoa/AC5-55-2020-1-eng.pdf |
| 856 | 4 |qHTML|sN/A|uhttps://www.canada.ca/en/atlantic-canada-opportunities/corporate/transparency/results-glance-inn-2020.html |